| 000 | 00567nam a2200145Ia 4500 | ||
|---|---|---|---|
| 008 | 100204s9999 xx 000 0 und d | ||
| 082 | _b24377 | ||
| 100 | _aबाक्रे अ. वि. | ||
| 245 | _aआयुर्वेद वास्तव अवास्तव | ||
| 260 |
_b"ग्रंथाली ज्ञानयज्ञ , मुंबई" _c2000 |
||
| 300 | _a69 | ||
| 630 | _aआयुर्वेद वास्तव अवास्तव | ||
| 730 | _aआयुर्वेद वास्तव अवास्तव | ||
| 942 | _cBOOK | ||
| 999 |
_c469558 _d469555 |
||